[Event "28th WSCC2018 - Open 65+"]
[Site "Bled"]
[Date "2018.11.21"]
[Round "4.87"]
[White "Wibe, Per H"]
[Black "Booth, Anthony"]
[Result "1-0"]
[WhiteElo "1752"]
[BlackElo "1648"]
[PlyCount "81"]
[EventDate "2018.11.18"]

1. d4 d5 2. Bf4 Nf6 3. e3 Nc6 4. c3 a6 5. Bd3 e6 6. Nd2 Bd6 7. Bg5 Be7 8. Ngf3
h6 9. Bh4 g5 10. Bg3 Bd6 11. Ne5 Bxe5 12. dxe5 Nd7 13. f4 gxf4 14. exf4 h5 15.
O-O h4 16. Bf2 Ne7 17. Qg4 Ng8 18. Qg7 Rh5 19. Be2 Rh6 20. Qxg8+ Nf8 21. Qg5
Qxg5 22. fxg5 Rh8 23. Nf3 Ng6 24. g3 h3 25. Bd3 Bd7 26. Bxg6 fxg6 27. Nh4 Rg8
28. Be3 O-O-O 29. Rf6 Be8 30. Rxe6 Kd7 31. Rf6 b6 32. Rd1 Ke7 33. c4 dxc4 34.
Rxd8 Kxd8 35. Rf4 b5 36. Nf3 a5 37. Bc5 Rg7 38. e6 c6 39. Rf8 Rb7 40. Ne5 Kc7
41. Rxe8 1-0

[Event "28th WSCC2018 - Open 65+"]
[Site "Bled"]
[Date "2018.11.21"]
[Round "4.88"]
[White "Bratteteig, Tore-Inge"]
[Black "Freeke, Kees"]
[Result "0-1"]
[WhiteElo "1592"]
[BlackElo "1750"]
[PlyCount "84"]
[EventDate "2018.11.18"]

1. Nf3 f5 2. b3 Nf6 3. c4 e6 4. Bb2 Be7 5. g3 O-O 6. Bg2 d6 7. d4 a5 8. Nc3 Ne4
9. O-O Qe8 10. Qc2 Nxc3 11. Bxc3 d5 12. Ne5 c6 13. Qd2 a4 14. b4 Nd7 15. Nxd7
Bxd7 16. cxd5 exd5 17. a3 f4 18. gxf4 Bd6 19. e3 Qh5 20. f3 Rf6 21. Rf2 Rg6 22.
Kh1 Rf8 23. Rg1 Be7 24. Bf1 Rxg1+ 25. Kxg1 Bh4 26. Rg2 Qxf3 27. Qe2 Qe4 28. Qd3
Re8 29. Qxe4 Rxe4 30. Bd2 Bh3 31. Rxg7+ Kxg7 32. Bxh3 Re7 33. Bf5 Bf6 34. Kf2
b6 35. Bc2 Ra7 36. Bc1 Be7 37. Bb2 Kg8 38. e4 dxe4 39. Bxe4 c5 40. dxc5 bxc5
41. Bd5+ Kf8 42. b5 Rd7 0-1